00485nam a2200181Ia 4500008004100000020001800041050001400059100002100073245003300094245005500127250001900182260001000201260003700211260000900248300001400257300002200271300001000293180207s9999 xx 000 0 und d a9780784702611 bB171 1994 aBalaka, Susan S. aJesus is my special friend / cby Susan S. Balika ; illustrated by Craig Boldman. aThird edition. aUSA : bThe Standard Publishing Company, c1994 aunpaged : bchiefly colored ; c20cm.